000 01216cab a22002055a 4500
001 L153604
008 110809e2011 xxk 000 0 eng d
035 _a(Sirsi) u153604
041 0 _aeng
100 1 _aStewart, Sarah
245 0 0 _aMarkets
_bNorth London
260 _c2011
490 0 _aProperty Week
_v77(30) 5 August 2011, 41-44(4)
520 _aLocals oppose Camden Market Holdings 'sanitised' planning application for redeveloping the 4.6 acre Camden Market site next to Camden Lock. Spurs turns to the government's Regional Growth Fund to fund its proposed new Haringey stadium. Hammerson and Standard Life Investments, joint owners of 862 000 sq ft Brent Cross shopping centre, are developing Brent Cross Cricklewood,an adjoining 250 acre scheme expanding the shopping centre by 592 000 sq ft. Haringey Council rejects Grainger's plans to redevelop Ward's Corner on Seven Sisters Road. The £650m Francis Crick Institute for medical research will be built at Brill Place near St Pancras.
590 _aKA
651 4 _aLondon
690 _aPROPERTY-COMMERCIAL PROPERTY-COMMERCIAL PROPERTY FINANCE AND INVESTMENT
690 _aPROPERTY-COMMERCIAL PROPERTY-COMMERCIAL PROPERTY MARKET
942 _n0
999 _c83337
_d83337